000 00402nam a22001697a 4500
003 MPLRDC
005 20220104125437.0
008 210129b ||||| |||| 00| 0 eng d
082 _a857.9 LXY-92 v.3
100 _a柳残阳著
245 _a千手剑. 三
_c
260 _a
_b毅力出版社
_c
300 _b
490 _a柳残阳小说专辑;33
650 _a
942 _cBK
_o857.9 LXY-92 v.3
999 _c27405
_d27395